Our Good Oldies Hits (Record n. 99285)
[ formato base ]
| 000 -LEADER | |
|---|---|
| fixed length control field | 01704njm a2200289Ia 4500 |
| 001 - CONTROL NUMBER | |
| control field | 35985 |
| 003 - CONTROL NUMBER IDENTIFIER | |
| control field | IT-RoPAU |
| 005 - DATE AND TIME OF LATEST TRANSACTION | |
| control field | 20220918181115.0 |
| 008 - FIXED-LENGTH DATA ELEMENTS--GENERAL INFORMATION | |
| fixed length control field | 131025s9999 xx 000 0 und d |
| 040 ## - CATALOGING SOURCE | |
| Original cataloging agency | IT-RoPAU |
| 040 ## - CATALOGING SOURCE | |
| Transcribing agency | IT-RoPAU |
| 999 ## - SYSTEM CONTROL NUMBERS (KOHA) | |
| Koha Dewey Subclass [OBSOLETE] | n.d. |
| 100 ## - MAIN ENTRY--PERSONAL NAME | |
| Personal name | AA.VV. |
| 9 (RLIN) | 794 |
| 100 ## - MAIN ENTRY--PERSONAL NAME | |
| Relator term | Autore musica |
| 9 (RLIN) | 19139 |
| 100 ## - MAIN ENTRY--PERSONAL NAME | |
| Miscellaneous information | Codice autore musica SPICS: 12000 |
| 9 (RLIN) | 796 |
| 245 ## - TITLE STATEMENT | |
| Title | Our Good Oldies Hits |
| 250 ## - EDITION STATEMENT | |
| Edition statement | 1a ed. |
| 260 ## - PUBLICATION, DISTRIBUTION, ETC. (IMPRINT) | |
| Place of publication, distribution, etc. | JAPAN |
| 260 ## - PUBLICATION, DISTRIBUTION, ETC. (IMPRINT) | |
| Name of publisher, distributor, etc. | DENON - PCM |
| Date of publication, distribution, etc. | 1985 [1a Ed.:1985 - Ed. Lingua Orig.: 1985] |
| 300 ## - PHYSICAL DESCRIPTION | |
| Extent | COMPACT DISC |
| 300 ## - PHYSICAL DESCRIPTION | |
| Dimensions | 42 minuti (Testo: 8 pag.) |
| 500 ## - GENERAL NOTE | |
| General note | Musica pop. Piano bar. Musica strumentale. Brani di autori vari. |
| 505 ## - FORMATTED CONTENTS NOTE | |
| Formatted contents note | Jailhouse Rock (3:00) - Hound Dog (3:00) - Return To Sender (2:00) - Don't Be Cruel (2:00) - Can't Help Falling In Love (2:00) - Lonesome Tonight? (2:00) - Heartbreak Hotel (2:00) - Kissin' On the Phone (4:00) - Little Darlin' (3:00) - Diana (3:00) - You Are My Destiny (3:00) - Louisiana Mama (3:00) - Be My Baby (3:00) - Who's Sorry Now (3:00) - Vacation (3:00) - Lipstick On Your Collar (3:00) - Calendar Girl (3:00) - Happy Birthday Sweet Sixteen (3:00) - Lonely Soldier Boy (3:00) - You Don't Know (2:00) - Rhythm of the Rain (2:00) - Don't Let Me Be (2:00) - Runaway (2:00) - Pretty Little Baby (4:00) - Sherry (4:00) - Itsy Bitsy Teenie Weenie Yellow Polkadot (4:00) - Bikini Love Potion n. 9 (4:00) - Love Letter In the Sand (3:00) - I'll Be Home (3:00) - Summer Holiday (3:00) - Lucky Lips (3:00) - Let's Make A Memory (3:00) |
| 650 ## - SUBJECT ADDED ENTRY--TOPICAL TERM | |
| Topical term or geographic name as entry element | POP [COMPACT DISC] |
| Relator term | Codice MATERIA SPICS: 9949 |
| 9 (RLIN) | 10570 |
| 700 ## - ADDED ENTRY--PERSONAL NAME | |
| Personal name | Cosmoalpha (The) |
| Miscellaneous information | Codice interprete SPICS: 17068 |
| Relator term | Interprete |
| 9 (RLIN) | 19140 |
| 942 ## - ADDED ENTRY ELEMENTS (KOHA) | |
| Koha item type | CD AUDIO |
| Source of classification or shelving scheme | Dewey Decimal Classification |
| Withdrawn status | Lost status | Damaged status | Not for loan | Home library | Current library | Date acquired | Total Checkouts | Full call number | Date last seen | Price effective from | Koha item type | Public note |
|---|---|---|---|---|---|---|---|---|---|---|---|---|
| Buone Condizioni | Not For Loan | SPICS-MEDIATECA | SPICS-MEDIATECA | 25/10/2013 | 35985 | 25/10/2013 | 25/10/2013 | CD AUDIO | Progr. Ins.: 12273 / N.Vol.: 1 / Copie: 1 - Copia rara: n.d. / date import: 01.01.2014 - By Epidotti, Trombetti, Vaglietti |